|
|
|
|
| LEADER |
01977nam a2200493 a 4500 |
| 001 |
nkc20142583594 |
| 003 |
CZ PrNK |
| 005 |
20140523094656.0 |
| 007 |
ta |
| 008 |
140408s2013 xr a f 001 0 cze |
| 015 |
|
|
|a cnb002583594
|
| 020 |
|
|
|a 978-80-7464-396-5
|q (brož.) :
|c neprodejné
|
| 035 |
|
|
|a (OCoLC)880869181
|
| 040 |
|
|
|a BOA001
|b cze
|d ABA001
|
| 041 |
0 |
|
|a cze
|b eng
|
| 072 |
|
7 |
|a 376
|x Výchova a vzdělávání zvláštních skupin osob
|2 Konspekt
|9 22
|
| 080 |
|
|
|a 376.1-056.49
|2 MRF
|
| 080 |
|
|
|a 376
|2 MRF
|
| 080 |
|
|
|a 37.043.2
|2 MRF
|
| 080 |
|
|
|a (048.8)
|2 MRF
|
| 100 |
1 |
|
|a Kaleja, Martin,
|d 1981-
|7 osd2009549376
|4 aut
|
| 245 |
1 |
0 |
|a Etopedická propedeutika v inkluzivní speciální pedagogice /
|c Martin Kaleja
|
| 260 |
|
|
|a Ostrava :
|b Ostravská univerzita v Ostravě, Pedagogická fakulta,
|c 2013
|
| 300 |
|
|
|a 264 s. :
|b il. ;
|c 25 cm
|
| 500 |
|
|
|a Nad názvem: Ostravská univerzita v Ostravě, Pedagogická fakulta
|
| 500 |
|
|
|a 300 výt.
|
| 504 |
|
|
|a Obsahuje bibliografii, bibliografické odkazy a rejstříky
|
| 546 |
|
|
|a Anglické resumé
|
| 650 |
0 |
7 |
|a etopedie
|7 ph120024
|2 czenas
|
| 650 |
0 |
7 |
|a speciální pedagogika
|7 ph116230
|2 czenas
|
| 650 |
0 |
7 |
|a integrovaná výchova a vzdělávání
|7 ph121132
|2 czenas
|
| 650 |
0 |
9 |
|a education of problem children
|2 eczenas
|
| 650 |
0 |
9 |
|a special education
|2 eczenas
|
| 650 |
0 |
9 |
|a integrated education
|2 eczenas
|
| 655 |
|
7 |
|a monografie
|7 fd132842
|2 czenas
|
| 655 |
|
9 |
|a monographs
|2 eczenas
|
| 710 |
2 |
|
|a Ostravská univerzita.
|b Pedagogická fakulta
|7 kn20010709315
|
| 910 |
2 |
|
|a BOA001
|b 2-1325.512
|
| 990 |
|
|
|a BK
|
| 995 |
|
|
|a 01
|
| 991 |
|
|
|b 201405
|c NOV
|e n
|
| 996 |
6 |
|
|b 2610590129
|c 2-1325.512
|l MZK
|r Sklad / do 1 hodiny
|n 6
|p p.v.
|w 001417208
|u 000010
|a 1
|e BOA001
|j MZK50
|s P
|
| 996 |
6 |
|
|b 2610592079
|c 2-1325.512
|l MZK
|r HSS 4p
|n 0
|p dar
|h 376 KAL
|w 001417208
|u 000020
|a 0
|e BOA001
|j MZK50
|s P
|
| 996 |
7 |
|
|b 2610592080
|c 2-1325.512
|l Vol.výběr
|r VV 0p
|n 26
|p dar
|h 376 KAL
|w 001417208
|u 000030
|a 0
|e BOA001
|j MZK50
|s A
|